|
|
|
|
| LEADER |
01927cas a2200313 a 4500 |
| 001 |
AALejournalIMF009010 |
| 008 |
230101c9999 xx r poo 0 0eng d |
| 020 |
|
|
|c 5.00 USD
|
| 020 |
|
|
|z 9781451847574
|
| 022 |
|
|
|a 1018-5941
|
| 040 |
|
|
|a BD-DhAAL
|c BD-DhAAL
|
| 100 |
1 |
|
|a Odling-Smee, John.
|
| 245 |
1 |
4 |
|a The Economic Reform Process in Russia /
|c John Odling-Smee, Henri Lorie.
|
| 264 |
|
1 |
|a Washington, D.C. :
|b International Monetary Fund,
|c 1993.
|
| 300 |
|
|
|a 1 online resource (10 pages)
|
| 490 |
1 |
|
|a IMF Working Papers
|
| 500 |
|
|
|a <strong>Off-Campus Access:</strong> No User ID or Password Required
|
| 500 |
|
|
|a <strong>On-Campus Access:</strong> No User ID or Password Required
|
| 506 |
|
|
|a Electronic access restricted to authorized BRAC University faculty, staff and students
|
| 520 |
3 |
|
|a Although various factors point to a more arduous and longer transition in Russia than in Eastern Europe, the broad policy approach should be similar. A necessary condition for effective macroeconomic stabilization is the imposition of hard budget constraints on enterprises. Financial assistance from the Government and the central bank to enterprises must be strictly controlled to ensure compatibility with both inflation objectives and the creation of incentives for reform. While Russia needs external financial assistance, it must be willing and able to pursue economic policies that ensure that the assistance has the desired effects, especially macroeconomic stability and systemic reform.
|
| 538 |
|
|
|a Mode of access: Internet
|
| 650 |
|
7 |
|a Government
|2 imf
|
| 650 |
|
7 |
|a Liberalization
|2 imf
|
| 650 |
|
7 |
|a Market Economy
|2 imf
|
| 650 |
|
7 |
|a WP
|2 imf
|
| 651 |
|
7 |
|a Russian Federation
|2 imf
|
| 700 |
1 |
|
|a Lorie, Henri.
|
| 830 |
|
0 |
|a IMF Working Papers; Working Paper ;
|v No. 1993/055
|
| 856 |
4 |
0 |
|z Full text available on IMF
|u http://elibrary.imf.org/view/journals/001/1993/055/001.1993.issue-055-en.xml
|z IMF e-Library
|